| 000 | 01256nam0a2200313 4500 | ||
|---|---|---|---|
| 001 | RU\NLR\bibl\1112795 | ||
| 005 | 20250615062157.0 | ||
| 010 |
_a978-5-486-01368-3 _930500 |
||
| 021 |
_aRU _b2007-40870 _92195 |
||
| 035 | _a(NLR Aleph) 001099817 | ||
| 090 |
_a1171079 _c1171079 |
||
| 100 | _a20070725d2007 |||y0rusy50 ca | ||
| 101 | 0 | _arus | |
| 102 | _aRU | ||
| 105 | _aa ||||||||| | ||
| 200 | 1 |
_aВкусные ягоды в вашем саду _f[Антонина Анваровна Купличенко, Евгений Васильевич Рассоха] |
|
| 210 |
_aМосква _cМир книги _d2007 |
||
| 215 |
_a238, [1] с. _cцв. ил. _d20 |
||
| 225 | 1 | _aВаш плодородный сад и огород | |
| 300 | _aАвт. указаны перед вып. дан. | ||
| 606 | 1 |
_aЯгодные культуры _xАгротехника на приусадебных участках _91961081 _3RU\NLR\auth\66897700 |
|
| 686 | _aП258 | ||
| 700 | 1 |
_aКупличенко _bА. А. _gАнтонина Анваровна _4070 |
|
| 701 | 1 |
_aРассоха _bЕ. В. _gЕвгений Васильевич _4070 |
|
| 801 | 0 |
_aRU _bNLR _c20070725 _gRCR |
|
| 801 | 1 |
_aRU _bNLR _c20070725 |
|
| 942 | _cBOOK | ||
| 980 | _aNB | ||